[Event "Dutch Championship 2015"]
[Site "Amsterdam NED"]
[Date "2015.07.12"]
[Round "7"]
[White "Ernst, S."]
[Black "Van Wely, L."]
[Result "1-0"]
[WhiteElo "2545"]
[BlackElo "2647"]
[PlyCount "91"]
[EventDate "2015.07.05"]

1. d4 d5 2. c4 c6 3. Nf3 Nf6 4. Nc3 dxc4 5. a4 Bf5 6. e3 e6 7. Bxc4 Bb4 8. O-O
O-O 9. Qe2 Bg6 10. Ne5 Nbd7 11. Rd1 Nxe5 12. dxe5 Nd7 13. f4 Qe7 14. Na2 Nb6
15. Nxb4 Qxb4 16. b3 Nxc4 17. Qxc4 c5 18. Ba3 Qxc4 19. bxc4 Rfc8 20. Rd6 h5 21.
Ra2 Be4 22. Kf2 Bc6 23. Bxc5 Be8 24. Bd4 Rxc4 25. a5 Bc6 26. Kg3 Bd5 27. Rb2
Ra4 28. Rxd5 exd5 29. Rxb7 Rxa5 30. e6 f6 31. Kh4 Ra2 32. Bb2 Ra6 33. Kxh5 Rb6
34. Rxb6 axb6 35. Kg6 b5 36. g4 b4 37. h4 b3 38. g5 fxg5 39. hxg5 Ra6 40. f5
Rb6 41. Bxg7 Ra6 42. Bd4 Kf8 43. Kh7 Ke7 44. g6 Ra4 45. g7 Rxd4 46. exd4 1-0

[Event "Najdorf Memorial 2015"]
[Site "Warsaw POL"]
[Date "2015.07.10"]
[Round "1"]
[White "Kovalenko, Igor"]
[Black "Bilguun, Sumiya"]
[Result "1-0"]
[WhiteElo "2682"]
[BlackElo "2361"]
[PlyCount "71"]
[EventDate "2015.07.10"]

1. e4 c5 2. Be2 e6 3. f4 Nc6 4. Nf3 d5 5. d3 g6 6. O-O Bg7 7. Qe1 Nge7 8. c3
O-O 9. Na3 a6 10. Nc2 d4 11. Bd2 b5 12. cxd4 cxd4 13. Rc1 Bb7 14. Na1 a5 15.
Nb3 Qb6 16. Nc5 Rfd8 17. Qh4 Bc8 18. Bd1 a4 19. b4 f6 20. a3 Rf8 21. Bc2 Qd8
22. Bb1 Qd6 23. Ba2 Ra7 24. g4 Kh8 25. e5 fxe5 26. Ne4 Qd8 27. fxe5 Nxe5 28.
Neg5 Nxf3+ 29. Rxf3 h6 30. Nf7+ Rxf7 31. Rxf7 Qe8 32. Rxe7 Rxe7 33. Rxc8 Qxc8
34. Qxe7 Qc2 35. Qxe6 Qd1+ 36. Be1 1-0

[Event "Najdorf Memorial 2015"]
[Site "Warsaw POL"]
[Date "2015.07.11"]
[Round "2"]
[White "Sunilduth Lyna, Narayanan"]
[Black "Kovalenko, Igor"]
[Result "0-1"]
[WhiteElo "2475"]
[BlackElo "2682"]
[PlyCount "82"]
[EventDate "2015.07.10"]

1. d4 Nf6 2. c4 e6 3. Nf3 b6 4. g3 Ba6 5. Qb3 Nc6 6. Nbd2 h5 7. e4 h4 8. e5 Ng4
9. Bh3 Nh6 10. d5 Na5 11. Qc3 c5 12. Ne4 Bxc4 13. Bg5 Qc8 14. Nd6+ Bxd6 15.
exd6 Kf8 16. gxh4 Ng8 17. Rg1 f6 18. Ne5 Qe8 19. O-O-O Bxa2 20. dxe6 Nb3+ 21.
Kc2 Nd4+ 22. Rxd4 cxd4 23. e7+ Nxe7 24. dxe7+ Qxe7 25. Ng6+ Kf7 26. Nxh8+ Rxh8
27. Qf3 Qc5+ 28. Kd1 Bd5 29. Qd3 Bc4 30. Qf3 Qb5 31. Bf5 Qb3+ 32. Qxb3 Bxb3+
33. Kd2 fxg5 34. hxg5 Rxh2 35. Rf1 Bc4 36. Bd3 d5 37. Ke2 Rh3 38. Bxc4 dxc4 39.
Ra1 Rb3 40. Rxa7+ Kg6 41. Rc7 b5 0-1

[Event "Najdorf Memorial 2015"]
[Site "Warsaw POL"]
[Date "2015.07.12"]
[Round "3"]
[White "Kovalenko, Igor"]
[Black "Olszewski, Michal"]
[Result "1-0"]
[WhiteElo "2682"]
[BlackElo "2562"]
[PlyCount "111"]
[EventDate "2015.07.10"]

1. e4 c5 2. Be2 g6 3. f4 Bg7 4. Nf3 d5 5. d3 dxe4 6. dxe4 Qxd1+ 7. Bxd1 b6 8.
Na3 Ba6 9. c3 Nd7 10. Be2 Bxe2 11. Kxe2 O-O-O 12. Be3 Nh6 13. h3 f6 14. Nc4 Nf7
15. g4 Nd6 16. Ncd2 Kc7 17. Rag1 Kc6 18. h4 Rhe8 19. c4 e5 20. f5 Kc7 21. a3
Bf8 22. fxg6 hxg6 23. h5 g5 24. Ne1 Be7 25. Nd3 Nf8 26. b4 cxb4 27. Nxb4 Ne6
28. Rc1 Nf7 29. Nd5+ Kd7 30. Nb3 Kc6 31. a4 Nf4+ 32. Kf3 Kb7 33. a5 Nxd5 34.
cxd5 Rc8 35. axb6 axb6 36. Rb1 Bb4 37. Nd2 Bc5 38. Rhc1 Bxe3 39. Kxe3 Nd6 40.
Kd3 b5 41. Rxc8 Rxc8 42. Rf1 b4 43. Ke2 Nb5 44. h6 Nd4+ 45. Kf2 Kb6 46. h7 Rh8
47. Rh1 Kb5 48. Ke3 b3 49. Kd3 Kb4 50. Nc4 Nf3 51. d6 Nh4 52. d7 Ng6 53. Nb6
Nf4+ 54. Kd2 Kb5 55. Nd5 Kc6 56. d8=Q 1-0

[Event "Najdorf Memorial 2015"]
[Site "Warsaw POL"]
[Date "2015.07.13"]
[Round "4"]
[White "Mista, Aleksander"]
[Black "Kovalenko, Igor"]
[Result "0-1"]
[WhiteElo "2585"]
[BlackElo "2682"]
[PlyCount "146"]
[EventDate "2015.07.10"]

1. e4 e5 2. Nf3 Nc6 3. Bb5 Nf6 4. O-O Nxe4 5. Re1 Nd6 6. Nxe5 Be7 7. Bf1 O-O 8.
d4 Nf5 9. c3 Nxe5 10. Rxe5 d6 11. Re1 d5 12. Bf4 Bd6 13. Bxd6 Nxd6 14. Bd3 c6
15. Nd2 Bf5 16. Bxf5 Nxf5 17. Qg4 Nd6 18. Re2 Qc7 19. Rae1 Rae8 20. Qf4 Qd8 21.
h4 h6 22. Re5 Qd7 23. Rxe8 Nxe8 24. Nb3 b6 25. Nc1 Nf6 26. Nd3 Re8 27. Re5 Rxe5
28. Qxe5 Qg4 29. f3 Qxh4 30. a4 c5 31. dxc5 Qxa4 32. b4 bxc5 33. Nxc5 Qb5 34.
Qc7 Qb6 35. Qc8+ Kh7 36. Qf5+ g6 37. Qe5 g5 38. Kh1 Kg6 39. Nd3 Qe6 40. Qc7 a6
41. Qa7 h5 42. Qd4 h4 43. Kh2 Kf5 44. Kg1 Qe2 45. c4 h3 46. gxh3 Qxf3 47. Nf2
Qg3+ 48. Kf1 Qb3 49. cxd5 Qxd5 50. Qe3 Qc4+ 51. Nd3 Nd5 52. Qe5+ Kg6 53. Qe2
Kg7 54. Kg1 Qd4+ 55. Kh1 Kh6 56. Qf3 Kg6 57. Qe2 Ne3 58. Ne1 Qb6 59. Nf3 f6 60.
Qd3+ Nf5 61. h4 Qe6 62. hxg5 fxg5 63. Kg2 Kh5 64. Qd2 Qf6 65. Qe2 g4 66. Qe8+
Kh6 67. Ne5 Kg5 68. Qg8+ Kf4 69. Nxg4 Qc6+ 70. Kg1 Qc1+ 71. Kg2 Nh4+ 72. Kh2
Nf3+ 73. Kh3 Qf1# 0-1

[Event "Najdorf Memorial 2015"]
[Site "Warsaw POL"]
[Date "2015.07.14"]
[Round "5"]
[White "Zhigalko, Andrey"]
[Black "Kovalenko, Igor"]
[Result "0-1"]
[WhiteElo "2574"]
[BlackElo "2682"]
[PlyCount "80"]
[EventDate "2015.07.10"]

1. c4 e6 2. Nc3 d5 3. d4 Nf6 4. cxd5 exd5 5. Bg5 c6 6. e3 Bf5 7. Bd3 Bxd3 8.
Qxd3 Nbd7 9. Nge2 Be7 10. O-O O-O 11. f3 Re8 12. Rae1 b5 13. Ng3 Qb6 14. Nf5
Bf8 15. e4 c5 16. Qxb5 dxe4 17. Qxb6 axb6 18. d5 exf3 19. gxf3 h6 20. Bc1 Ne5
21. Rd1 c4 22. Be3 Nfd7 23. d6 Nd3 24. b3 Kh7 25. bxc4 Nb2 26. Rd5 Nxc4 27. Bf4
g6 28. Ne7 g5 29. Rd4 Nb2 30. Bd2 Bg7 31. Re4 Nd3 32. Ned5 Re5 33. Rb1 Rxe4 34.
fxe4 N3e5 35. Rf1 Ra5 36. Ne7 g4 37. Ncd5 Rxa2 38. Bf4 Nf3+ 39. Kh1 Be5 40. Ne3
h5 0-1

[Event "Najdorf Memorial 2015"]
[Site "Warsaw POL"]
[Date "2015.07.15"]
[Round "6"]
[White "Kovalenko, Igor"]
[Black "Cheparinov, Ivan"]
[Result "1/2-1/2"]
[WhiteElo "2682"]
[BlackElo "2683"]
[PlyCount "48"]
[EventDate "2015.07.10"]

1. e4 c5 2. Nf3 d6 3. Bb5+ Nd7 4. d4 cxd4 5. Qxd4 a6 6. Bxd7+ Bxd7 7. O-O e5 8.
Qd3 Rc8 9. c4 Qc7 10. Nfd2 b5 11. b3 Nf6 12. Nc3 Be7 13. Ba3 O-O 14. Rac1 Qb6
15. cxb5 axb5 16. Bb4 Bc6 17. a3 Rfd8 18. Rc2 Nd7 19. Nd5 Bxd5 20. Rxc8 Rxc8
21. Qxd5 Nf6 22. Qd3 Qb7 23. h3 h6 24. Re1 Rd8 1/2-1/2

[Event "Najdorf Memorial 2015"]
[Site "Warsaw POL"]
[Date "2015.07.17"]
[Round "8"]
[White "Kovalenko, Igor"]
[Black "Meskovs, Nikita"]
[Result "1-0"]
[WhiteElo "2682"]
[BlackElo "2457"]
[PlyCount "119"]
[EventDate "2015.07.10"]

1. e4 e5 2. Nf3 Nc6 3. Nc3 Nf6 4. Bb5 Bb4 5. O-O O-O 6. d3 Bxc3 7. bxc3 d6 8.
Nd2 a6 9. Bc4 Na5 10. Bb3 Nxb3 11. axb3 d5 12. f3 Re8 13. Kh1 c6 14. Qe1 Nh5
15. Qf2 Nf4 16. Re1 Ng6 17. Nf1 a5 18. Be3 Ra6 19. Ng3 Be6 20. d4 f6 21. Qf1
Qd7 22. Red1 f5 23. exf5 Bxf5 24. dxe5 Bxc2 25. Rd2 Bxb3 26. f4 Rf8 27. Rf2 Bc4
28. Qd1 b6 29. Qh5 c5 30. Re1 Qe8 31. e6 Ne7 32. Qh3 a4 33. f5 a3 34. Qg4 a2
35. Ra1 Kh8 36. Nh5 Rg8 37. Bf4 Ra7 38. Be5 Nc6 39. Bxg7+ Raxg7 40. Nxg7 Rxg7
41. Qf4 Rg8 42. Qd6 d4 43. cxd4 cxd4 44. h3 d3 45. Raxa2 Bxa2 46. Rxa2 Qc8 47.
Qxd3 Ne5 48. Qd4 Qc5 49. Qa1 Kg7 50. Rc2 Qe3 51. Rc3 Ra8 52. f6+ Kh6 53. Rxe3
Rxa1+ 54. Kh2 Kg6 55. Rxe5 Ra8 56. e7 Re8 57. Re6 b5 58. Rb6 b4 59. Kg3 b3 60.
Kf4 1-0

[Event "48th Biel Grandmaster 2015"]
[Site "Biel SUI"]
[Date "2015.07.20"]
[Round "1"]
[White "Vachier Lagrave, M."]
[Black "Eljanov, P."]
[Result "1/2-1/2"]
[WhiteElo "2731"]
[BlackElo "2723"]
[PlyCount "111"]
[EventDate "2015.07.20"]

1. e4 e5 2. Nf3 Nc6 3. Bb5 Nf6 4. O-O Nxe4 5. d4 Nd6 6. Bxc6 dxc6 7. dxe5 Nf5
8. Qxd8+ Kxd8 9. Rd1+ Ke8 10. Nc3 Be7 11. Bg5 Bxg5 12. Nxg5 h6 13. Nge4 g5 14.
b4 a6 15. a4 Ke7 16. a5 Nh4 17. Nc5 Ng6 18. f3 b6 19. Nd3 Bf5 20. Na4 Rhb8 21.
Nab2 Rd8 22. Kf2 Rd4 23. Ke3 Rh4 24. h3 Ke6 25. c3 Nxe5 26. Nxe5 Kxe5 27. axb6
cxb6 28. Na4 b5 29. Nc5 Rc4 30. Ra3 Ra7 31. g4 Bg6 32. Nd7+ Ke6 33. Nc5+ Ke5
34. Nd7+ Ke6 35. Nc5+ Ke7 36. Rd4 Rxd4 37. Kxd4 Bc2 38. Ra2 Bd1 39. Ke3 Ra8 40.
f4 f6 41. f5 h5 42. Ra1 Ba4 43. Nxa4 bxa4 44. Rxa4 hxg4 45. hxg4 Kd6 46. Kd4
Rh8 47. Rxa6 Rh4 48. b5 Rxg4+ 49. Kd3 Rg3+ 50. Kc4 Rg4+ 51. Kb3 Kc5 52. Rxc6+
Kxb5 53. Rxf6 Rf4 54. Rf8 g4 55. Rg8 Rxf5 56. Rxg4 1/2-1/2

[Event "48th Biel Grandmaster 2015"]
[Site "Biel SUI"]
[Date "2015.07.20"]
[Round "1"]
[White "Wojtaszek, R."]
[Black "Rapport, R."]
[Result "1/2-1/2"]
[WhiteElo "2733"]
[BlackElo "2671"]
[PlyCount "83"]
[EventDate "2015.07.20"]

1. d4 d5 2. c4 Nc6 3. cxd5 Qxd5 4. e3 e5 5. Nc3 Bb4 6. a3 Bxc3+ 7. bxc3 Nf6 8.
c4 Qd6 9. d5 Nb8 10. Ne2 O-O 11. Nc3 Bf5 12. a4 Na6 13. Ba3 Nb4 14. Be2 a5 15.
O-O Rfe8 16. Rc1 c5 17. f3 Bd7 18. e4 Nh5 19. Nb5 Qh6 20. Rc3 Nf4 21. g3 Nh3+
22. Kh1 Rac8 23. Bd3 Qg6 24. Bb1 h5 25. Qe1 Ng5 26. Re3 Bxb5 27. axb5 f6 28. f4
Nf7 29. Qe2 Nd6 30. Bb2 b6 31. h3 Rc7 32. Kh2 Rce7 33. f5 Qh7 34. Rg1 Kf7 35.
g4 hxg4 36. Rxg4 Rh8 37. Reg3 Ke8 38. Bc1 Kf8 39. Kg2 Qh5 40. Bd2 Rh7 41. Bc1
Rh8 42. Bd2 1/2-1/2

[Event "48th Biel Grandmaster 2015"]
[Site "Biel SUI"]
[Date "2015.07.20"]
[Round "1"]
[White "Adams, Mi"]
[Black "Navara, D."]
[Result "1-0"]
[WhiteElo "2740"]
[BlackElo "2724"]
[PlyCount "111"]
[EventDate "2015.07.20"]

1. e4 c5 2. Nf3 d6 3. d4 cxd4 4. Nxd4 Nf6 5. Nc3 a6 6. g3 e5 7. Nde2 Be7 8. Bg2
b5 9. Nd5 Nbd7 10. Nec3 Bb7 11. a4 Nxd5 12. Nxd5 O-O 13. axb5 axb5 14. Rxa8
Bxa8 15. O-O Nc5 16. b4 Ne6 17. h4 Bxd5 18. Qxd5 Nd4 19. c3 Ne2+ 20. Kh2 Nxc1
21. Rxc1 Qb6 22. Kg1 Rb8 23. Ra1 g6 24. Ra8 Rxa8 25. Qxa8+ Kg7 26. Bf1 Qc7 27.
Qe8 Bf6 28. Bxb5 Qxc3 29. Bc6 Qf3 30. Qd7 g5 31. hxg5 Bxg5 32. Qxd6 Qc3 33. Kg2
Qb2 34. Qc5 Qd4 35. Qxd4 exd4 36. f4 Be7 37. b5 Bc5 38. e5 d3 39. Be4 d2 40.
Bc2 f6 41. exf6+ Kxf6 42. Kf3 h5 43. Ke2 Bd6 44. Ke3 Bc7 45. Bd1 h4 46. gxh4
Kf5 47. Bc2+ Kg4 48. Ke4 Kxh4 49. Bd1 Bd8 50. Kd5 Kg3 51. f5 Kf4 52. Ke6 Ke4
53. Bc2+ Kd4 54. Kd7 Bb6 55. f6 Kc3 56. Bd1 1-0

[Event "48th Biel Grandmaster 2015"]
[Site "Biel SUI"]
[Date "2015.07.21"]
[Round "2"]
[White "Rapport, R."]
[Black "Adams, Mi"]
[Result "1/2-1/2"]
[WhiteElo "2671"]
[BlackElo "2740"]
[PlyCount "65"]
[EventDate "2015.07.20"]

1. e4 e5 2. f4 exf4 3. Nf3 d5 4. exd5 Nf6 5. Be2 Nxd5 6. c4 Ne7 7. Nc3 Ng6 8.
h4 Be7 9. h5 Nh4 10. Nd5 Nc6 11. d4 Nxg2+ 12. Kf1 Ne3+ 13. Nxe3 fxe3 14. d5 Nb4
15. a3 Na6 16. Bxe3 O-O 17. Qc2 Bg4 18. h6 g6 19. Qc3 Bf6 20. Bd4 Be7 21. c5
Re8 22. c6 Bf8 23. cxb7 Rb8 24. Bxa6 Qxd5 25. Kf2 Bxf3 26. Bc4 Re2+ 27. Bxe2
Bxh1 28. Rxh1 Qxh1 29. Qxc7 Qh4+ 30. Kf1 Qh1+ 31. Kf2 Qh4+ 32. Kf1 Qh1+ 33. Kf2
1/2-1/2

[Event "48th Biel Grandmaster 2015"]
[Site "Biel SUI"]
[Date "2015.07.21"]
[Round "2"]
[White "Eljanov, P."]
[Black "Navara, D."]
[Result "0-1"]
[WhiteElo "2723"]
[BlackElo "2724"]
[PlyCount "91"]
[EventDate "2015.07.20"]

1. d4 Nf6 2. Nf3 g6 3. g3 Bg7 4. Bg2 d5 5. O-O c6 6. Bf4 O-O 7. Qc1 Bg4 8. Nbd2
Nh5 9. Bg5 f6 10. Be3 e5 11. h3 Be6 12. g4 Nf4 13. Bxf4 exf4 14. Nb3 Qc7 15.
Nc5 Bf7 16. b3 g5 17. c4 Nd7 18. Nd3 Rae8 19. Re1 h5 20. gxh5 dxc4 21. bxc4 Nb6
22. c5 Nd5 23. Qa3 Bxh5 24. Nb4 Nxb4 25. Qxb4 Re7 26. Rab1 Rfe8 27. d5 cxd5 28.
Nd4 Qd7 29. Qb3 Kh8 30. Qxd5 Qxd5 31. Bxd5 Rd7 32. Bf3 Bxf3 33. Nxf3 Bf8 34. c6
bxc6 35. Kf1 Kg7 36. Rec1 c5 37. Rc2 Kg6 38. Ne1 f5 39. Rbc1 g4 40. hxg4 fxg4
41. Rc4 Kg5 42. Ng2 Rh7 43. Rxc5+ Bxc5 44. Rxc5+ Re5 45. Rxe5+ Kf6 46. Rd5 0-1

[Event "48th Biel Grandmaster 2015"]
[Site "Biel SUI"]
[Date "2015.07.21"]
[Round "2"]
[White "Vachier Lagrave, M."]
[Black "Wojtaszek, R."]
[Result "1/2-1/2"]
[WhiteElo "2731"]
[BlackElo "2733"]
[PlyCount "66"]
[EventDate "2015.07.20"]

1. Nf3 d5 2. g3 Nf6 3. Bg2 e6 4. O-O Be7 5. c4 O-O 6. d4 dxc4 7. Qc2 a6 8. a4
Bd7 9. Qxc4 Bc6 10. Bg5 Bd5 11. Qd3 c5 12. Nc3 Bc6 13. Rfd1 Qa5 14. Bxf6 Bxf6
15. d5 exd5 16. Nxd5 Bxd5 17. Ng5 g6 18. Qxd5 Nc6 19. Ne4 Bxb2 20. Rab1 Rad8
21. Qb3 Rxd1+ 22. Rxd1 Bg7 23. e3 Ne5 24. Nd6 b5 25. axb5 axb5 26. Qxb5 Qxb5
27. Nxb5 c4 28. Bd5 Rb8 29. Nc3 Rc8 30. Bb7 Rb8 31. Bd5 Rc8 32. Bb7 Rb8 33. Bd5
Rc8 1/2-1/2

[Event "48th Biel Grandmaster 2015"]
[Site "Biel SUI"]
[Date "2015.07.22"]
[Round "3"]
[White "Wojtaszek, R."]
[Black "Eljanov, P."]
[Result "1-0"]
[WhiteElo "2733"]
[BlackElo "2723"]
[PlyCount "115"]
[EventDate "2015.07.20"]

1. d4 Nf6 2. c4 e6 3. Nf3 b6 4. g3 Bb7 5. Bg2 Be7 6. O-O O-O 7. d5 exd5 8. Nh4
c6 9. cxd5 Nxd5 10. Nf5 Nc7 11. e4 d5 12. Nc3 Bf6 13. exd5 cxd5 14. Bf4 Nba6
15. Re1 Qd7 16. Bh3 Qd8 17. Nd6 Bc6 18. Rc1 Nc5 19. b4 N5e6 20. Nce4 dxe4 21.
Rxc6 Nxf4 22. gxf4 Ne8 23. Nxe4 Qxd1 24. Rxd1 Rd8 25. Bd7 Be7 26. b5 g6 27. Kg2
Kg7 28. f5 Nf6 29. Nxf6 Bxf6 30. Rc7 Be5 31. Rxa7 Ra8 32. Ra6 Rfd8 33. Rd5 f6
34. Rd3 gxf5 35. Rda3 Rab8 36. Bxf5 Rg8 37. Ra7+ Kf8+ 38. Kf1 Rg5 39. Bxh7 Bxh2
40. Rh3 Rg1+ 41. Ke2 Re8+ 42. Kf3 Bd6 43. Be4 Rg7 44. Rh8+ Rg8 45. Rh6 Re7 46.
Rxf6+ Kg7 47. Rg6+ Kh8 48. Rh6+ Kg7 49. Rxe7+ Bxe7 50. Rg6+ Kh8 51. Rxb6 Rf8+
52. Ke2 Rxf2+ 53. Kxf2 Bc5+ 54. Kf3 Bxb6 55. Kf4 Kg7 56. Ke5 Kf7 57. Kd6 Ke8
58. Kc6 1-0

[Event "48th Biel Grandmaster 2015"]
[Site "Biel SUI"]
[Date "2015.07.22"]
[Round "3"]
[White "Navara, D."]
[Black "Rapport, R."]
[Result "1-0"]
[WhiteElo "2724"]
[BlackElo "2671"]
[PlyCount "95"]
[EventDate "2015.07.20"]

1. d4 d5 2. c4 Nc6 3. Nc3 Nf6 4. cxd5 Nxd5 5. Nf3 e5 6. dxe5 Be6 7. Bg5 Nxc3 8.
Qxd8+ Nxd8 9. bxc3 h6 10. Bh4 Nc6 11. e3 Bd5 12. Bb5 g5 13. Bg3 O-O-O 14. O-O
a6 15. Bxc6 bxc6 16. h4 Rg8 17. hxg5 hxg5 18. Nd4 c5 19. Nb3 Rg6 20. Rfd1 Be7
21. Rd2 Rb6 22. Nxc5 Rh6 23. Rad1 Rdh8 24. f3 Bxa2 25. Kf2 Bc4 26. Ne4 Rh1 27.
f4 gxf4 28. exf4 a5 29. f5 a4 30. e6 fxe6 31. f6 Rxd1 32. Rxd1 Bf8 33. Bf4 Bd5
34. Nd2 Rg8 35. g3 Bc5+ 36. Be3 Bd6 37. c4 Bc6 38. Ke2 a3 39. f7 Rxg3 40. Ne4
Rg2+ 41. Kf1 Bf8 42. Kxg2 Bxe4+ 43. Kg3 e5 44. Bg5 a2 45. Bf6 Bd3 46. Bxe5 Bxc4
47. Bf6 a1=Q 48. Rd8+ 1-0

[Event "48th Biel Grandmaster 2015"]
[Site "Biel SUI"]
[Date "2015.07.23"]
[Round "4"]
[White "Rapport, Richard"]
[Black "Vachier-Lagrave, Maxime"]
[Result "1/2-1/2"]
[WhiteElo "2671"]
[BlackElo "2731"]
[PlyCount "86"]
[EventDate "2015.07.20"]

1. Nf3 Nf6 2. c4 g6 3. Nc3 d5 4. cxd5 Nxd5 5. e4 Nxc3 6. dxc3 Qxd1+ 7. Kxd1 f6
8. h4 h5 9. e5 Nc6 10. Bd3 Kf7 11. Re1 Bf5 12. Bxf5 gxf5 13. e6+ Kg6 14. Ng1
Bh6 15. Ne2 Rad8+ 16. Kc2 Rd6 17. Nf4+ Bxf4 18. Bxf4 Ne5 19. Bxe5 fxe5 20. Rxe5
Rhd8 21. Re2 Kf6 22. Rae1 Ra6 23. Re5 Rdd6 24. Rc5 Rac6 25. Ra5 a6 26. Ra4 Rxe6
27. Rxe6+ Rxe6 28. Kd2 Rd6+ 29. Ke2 e5 30. Rc4 c6 31. a4 a5 32. b4 Rd5 33. bxa5
Rxa5 34. Rb4 Ra7 35. f3 f4 36. Kd3 Kf5 37. a5 Kf6 38. Ke4 Rxa5 39. Rxb7 Ra4+
40. Kd3 Ra2 41. Rh7 Rxg2 42. Rh6+ Kf5 43. Rxh5+ Kf6 1/2-1/2

[Event "48th Biel Grandmaster 2015"]
[Site "Biel SUI"]
[Date "2015.07.23"]
[Round "4"]
[White "Adams, Michael"]
[Black "Eljanov, Pavel"]
[Result "0-1"]
[WhiteElo "2740"]
[BlackElo "2723"]
[PlyCount "100"]
[EventDate "2015.07.20"]

1. c4 c6 2. d4 d5 3. cxd5 cxd5 4. Nc3 Nf6 5. Bf4 Nc6 6. e3 Bg4 7. Qb3 Na5 8.
Qa4+ Bd7 9. Qc2 e6 10. Nf3 Be7 11. Bd3 Nc6 12. a3 Nh5 13. Be5 f6 14. Bg3 f5 15.
Be5 O-O 16. h3 Nf6 17. Bf4 Ne4 18. O-O Rc8 19. Rfc1 Bf6 20. Qb3 Na5 21. Qa2
Nxc3 22. bxc3 b5 23. Nd2 Nc4 24. a4 a6 25. axb5 axb5 26. Bxc4 dxc4 27. Nf3 Bc6
28. Qe2 Qd5 29. Qf1 Ra8 30. Ne5 Bb7 31. f3 Be7 32. Bg3 Bg5 33. Qe1 Ra4 34. Rxa4
bxa4 35. Ra1 Ra8 36. Bh4 Bh6 37. Be7 Bc6 38. h4 Be8 39. Rb1 a3 40. e4 Qa5 41.
exf5 a2 42. Ra1 exf5 43. Nxc4 Qb5 44. Nd6 Qd5 45. Qe2 Bf4 46. Nxe8 Rxe8 47.
Rxa2 Kf7 48. Ra7 Bb8 49. Qa2 Qxa2 50. Rxa2 Bg3 0-1

[Event "Chinese League (Division A) 2015"]
[Site "China CHN"]
[Date "2015.07.24"]
[Round "8"]
[White "Wei, Yi"]
[Black "Wang, Yue"]
[Result "1-0"]
[WhiteElo "2706"]
[BlackElo "2726"]
[PlyCount "75"]
[EventDate "2015.04.10"]
[WhiteTeam "Jiangsu"]
[BlackTeam "Tianjing"]

1. e4 c5 2. Nc3 e6 3. Nf3 a6 4. Be2 d6 5. d4 cxd4 6. Nxd4 Nc6 7. Be3 Nf6 8. Qd2
Bd7 9. f4 Rc8 10. O-O Be7 11. g4 h5 12. g5 Ng4 13. Bxg4 hxg4 14. Nde2 e5 15.
Nd5 Be6 16. Bb6 Qd7 17. f5 Bxd5 18. exd5 Nb8 19. a4 Bd8 20. Be3 Qc7 21. c4 Nd7
22. Ng3 Qb8 23. Qe2 Bb6 24. Bxb6 Nxb6 25. b3 Rh4 26. Rf4 Nd7 27. Rxg4 Rh8 28.
Kh1 a5 29. Rf1 Nc5 30. Rf3 Kd7 31. Kg2 Rcg8 32. h4 Qd8 33. h5 Ke8 34. Qe3 b6
35. Rf1 Kf8 36. Rh1 Ke8 37. g6 Rh6 38. f6 1-0

[Event "Chinese League (Division A) 2015"]
[Site "China CHN"]
[Date "2015.07.24"]
[Round "8"]
[White "Zhao, Jun"]
[Black "Bu, Xiangzhi"]
[Result "1/2-1/2"]
[WhiteElo "2621"]
[BlackElo "2681"]
[PlyCount "61"]
[EventDate "2015.04.10"]
[WhiteTeam "Shandong"]
[BlackTeam "Chongqing"]

1. e4 e5 2. Nf3 Nc6 3. Nc3 Nf6 4. Bb5 Nd4 5. Bc4 d6 6. Nxd4 exd4 7. Nd5 Nxd5 8.
exd5 Qe7+ 9. Qe2 Bd7 10. b3 g6 11. Qxe7+ Kxe7 12. Bb2 Bg7 13. O-O-O Rhe8 14.
Rde1+ Kf8 15. a4 Rxe1+ 16. Rxe1 Re8 17. Rxe8+ Kxe8 18. Bb5 a6 19. Bxd7+ Kxd7
20. Kd1 Be5 21. g3 d3 22. Bc3 dxc2+ 23. Kxc2 Ke7 24. Kd3 f5 25. f4 Bf6 26. b4
b5 27. Bxf6+ Kxf6 28. Ke3 Kf7 29. Kd3 Kf6 30. Ke3 Kf7 31. Kd3 1/2-1/2

[Event "Chinese League (Division A) 2015"]
[Site "China CHN"]
[Date "2015.07.25"]
[Round "9"]
[White "Yu, Yangyi"]
[Black "Mu, Ke"]
[Result "1-0"]
[WhiteElo "2724"]
[BlackElo "2392"]
[PlyCount "93"]
[EventDate "2015.04.10"]
[WhiteTeam "Beijing"]
[BlackTeam "Qingdao"]

1. e4 e6 2. d4 d5 3. Nd2 Nc6 4. Ngf3 Nf6 5. e5 Nd7 6. Be2 f6 7. exf6 Qxf6 8.
Nf1 Bd6 9. Ne3 O-O 10. O-O Qg6 11. c4 Nf6 12. c5 Be7 13. Bb5 Bd7 14. a4 Qh5 15.
Be2 Qg6 16. Bb5 Qh5 17. Bxc6 Bxc6 18. Ne5 Qxd1 19. Rxd1 Be8 20. b3 Nd7 21. Nxd7
Bxd7 22. Ng4 Bf6 23. Bf4 Rac8 24. Rd3 Be8 25. Nxf6+ Rxf6 26. Be5 Bg6 27. Rc3
Rf7 28. a5 a6 29. c6 bxc6 30. Rxc6 Bd3 31. Rxe6 Rb8 32. Rc1 Rxb3 33. Re8+ Rf8
34. Re7 Rf7 35. Rxf7 Kxf7 36. Rxc7+ Ke8 37. h4 Rb5 38. Rxg7 Rxa5 39. h5 Ra2 40.
Bd6 Re2 41. g4 Be4 42. f4 Bf3 43. Kf1 Re6 44. Bc5 a5 45. f5 Rf6 46. Re7+ Kd8
47. Rxh7 1-0

[Event "Chinese League (Division A) 2015"]
[Site "China CHN"]
[Date "2015.07.25"]
[Round "9"]
[White "Bu, Xiangzhi"]
[Black "Ni, Hua"]
[Result "1/2-1/2"]
[WhiteElo "2681"]
[BlackElo "2704"]
[PlyCount "61"]
[EventDate "2015.04.10"]
[WhiteTeam "Chongqing"]
[BlackTeam "Shanghai"]

1. Nf3 d5 2. d4 Nf6 3. c4 c6 4. Qb3 dxc4 5. Qxc4 Bg4 6. Nbd2 Nbd7 7. g3 e6 8.
Bg2 Be7 9. O-O O-O 10. b3 a5 11. a3 Rc8 12. Bb2 b5 13. Qc2 Qb6 14. Rac1 c5 15.
Qb1 Bh5 16. a4 bxa4 17. bxa4 cxd4 18. Nxd4 Bc5 19. N2b3 Bb4 20. Rxc8 Rxc8 21.
Rc1 Rxc1+ 22. Qxc1 h6 23. e3 Nc5 24. Nxc5 Qxc5 25. Qxc5 Bxc5 26. Nc6 Bd1 27.
Nxa5 Bxa4 28. Nc4 Bb5 29. Nd2 Be7 30. Ne4 Nxe4 31. Bxe4 1/2-1/2

[Event "Chinese League (Division A) 2015"]
[Site "China CHN"]
[Date "2015.07.25"]
[Round "9"]
[White "Wang, Yue"]
[Black "Lu, Shanglei"]
[Result "1/2-1/2"]
[WhiteElo "2726"]
[BlackElo "2570"]
[PlyCount "59"]
[EventDate "2015.04.10"]
[WhiteTeam "Tianjing"]
[BlackTeam "Zhejiang"]

1. c4 f5 2. Nf3 Nf6 3. g3 g6 4. Bg2 Bg7 5. O-O d6 6. d4 O-O 7. Nc3 Qe8 8. d5
Na6 9. Rb1 c6 10. b4 c5 11. bxc5 Nxc5 12. Nd4 Bd7 13. Nb3 Rc8 14. Be3 Nfe4 15.
Nxe4 Nxe4 16. Bxe4 fxe4 17. Bxa7 Bh3 18. Re1 Rxc4 19. Nd2 Ra4 20. Be3 Bd4 21.
Qb3 Qf7 22. Nxe4 Bxe3 23. Qxe3 Rxe4 24. Qxe4 Qxf2+ 25. Kh1 Bf5 26. Qxe7 Rf7 27.
Qe8+ Rf8 28. Qe7 Rf7 29. Qe8+ Rf8 30. Qe7 1/2-1/2

[Event "Chinese League (Division A) 2015"]
[Site "China CHN"]
[Date "2015.07.25"]
[Round "9"]
[White "Zeng, Chongsheng"]
[Black "Wei, Yi"]
[Result "1/2-1/2"]
[WhiteElo "2541"]
[BlackElo "2706"]
[PlyCount "66"]
[EventDate "2015.04.10"]
[WhiteTeam "Guangdong"]
[BlackTeam "Jiangsu"]

1. c4 g6 2. Nc3 c5 3. Nf3 Bg7 4. g3 Nc6 5. Bg2 e6 6. h4 d5 7. d3 Nge7 8. h5
dxc4 9. dxc4 b6 10. h6 Bf6 11. Bg5 Bxg5 12. Nxg5 Qxd1+ 13. Nxd1 O-O 14. Nc3 f6
15. Nge4 Ba6 16. b3 Rad8 17. f4 Rd7 18. Kf2 Kf7 19. g4 Rfd8 20. Rad1 Rxd1 21.
Rxd1 Rxd1 22. Nxd1 g5 23. fxg5 f5 24. Nd6+ Kg6 25. Bxc6 Nxc6 26. Ne3 Kxg5 27.
gxf5 exf5 28. Nd5 Nd8 29. Nc7 Bb7 30. Ncb5 a6 31. Nc7 Kxh6 32. Nxf5+ Kg5 33.
Nd6 Kf4 1/2-1/2

[Event "48th Biel Grandmaster 2015"]
[Site "Biel SUI"]
[Date "2015.07.25"]
[Round "6"]
[White "Navara, David"]
[Black "Adams, Michael"]
[Result "0-1"]
[WhiteElo "2724"]
[BlackElo "2740"]
[PlyCount "74"]
[EventDate "2015.07.20"]

1. c4 e6 2. Nc3 d5 3. d4 Nf6 4. cxd5 exd5 5. Bg5 c6 6. e3 h6 7. Bh4 Be7 8. Qc2
Nbd7 9. Bd3 Nh5 10. Bxe7 Qxe7 11. Nge2 Nb6 12. O-O O-O 13. Rae1 Be6 14. Nc1
Rad8 15. Nb3 Rfe8 16. Nc5 Bc8 17. b4 Nc4 18. Qe2 Qg5 19. f4 Qh4 20. Bxc4 dxc4
21. g3 Nxg3 22. hxg3 Qxg3+ 23. Kh1 Qh3+ 24. Qh2 Rxe3 25. Nd1 Rxe1 26. Qxh3 Bxh3
27. Rxe1 b6 28. Ne4 Rxd4 29. Kh2 Bf5 30. Ndc3 Rd3 31. b5 cxb5 32. Nxb5 Bd7 33.
a4 a6 34. Nc7 Bxa4 35. Nxa6 c3 36. Nb4 Rd4 37. Na2 Rd2+ 0-1